000 00310 a2200121 4500
000 nam a22 7a 4500
005 20260312151657.0
100 _aStoock, Deniel W
_91131879
245 _aProbability theory: An analytic view
250 _a3rd
260 _bCambridge University Press
_c2025
942 _cAUD
999 _c1715259
_d1715259